Countries in Kiribati - Statistics

General Stats
  • This quiz has been taken 73 times
  • The average score is 41 of 44
Answer Stats
Hint Answer % Correct
E Ecuador/ Egypt/ El Salvador/ Equatorial Guinea/ Eritrea/ Estonia/ Eswatini/ Ethiopia/East Timor
100%
E Ecuador/ Egypt/ El Salvador/ Equatorial Guinea/ Eritrea/ Estonia/ Eswatini/ Ethiopia/East Timor
100%
E Ecuador/ Egypt/ El Salvador/ Equatorial Guinea/ Eritrea/ Estonia/ Eswatini/ Ethiopia/East Timor
100%
E Ecuador/ Egypt/ El Salvador/ Equatorial Guinea/ Eritrea/ Estonia/ Eswatini/ Ethiopia/East Timor
100%
E Ecuador/ Egypt/ El Salvador/ Equatorial Guinea/ Eritrea/ Estonia/ Eswatini/ Ethiopia/East Timor
100%
E Ecuador/ Egypt/ El Salvador/ Equatorial Guinea/ Eritrea/ Estonia/ Eswatini/ Ethiopia/East Timor
100%
E Ecuador/ Egypt/ El Salvador/ Equatorial Guinea/ Eritrea/ Estonia/ Eswatini/ Ethiopia/East Timor
100%
N Namibia/ Nauru/ Nepal/ Netherlands/ New Zealand/ Nicaragua/ Niger/ Nigeria/ North Korea/ North Macedonia/ Norway
100%
N Namibia/ Nauru/ Nepal/ Netherlands/ New Zealand/ Nicaragua/ Niger/ Nigeria/ North Korea/ North Macedonia/ Norway
100%
N Namibia/ Nauru/ Nepal/ Netherlands/ New Zealand/ Nicaragua/ Niger/ Nigeria/ North Korea/ North Macedonia/ Norway
100%
N Namibia/ Nauru/ Nepal/ Netherlands/ New Zealand/ Nicaragua/ Niger/ Nigeria/ North Korea/ North Macedonia/ Norway
100%
N Namibia /Nauru/ Nepal/ Netherlands/ New Zealand/ Nicaragua/ Niger/ Nigeria/ North Korea/ North Macedonia/ Norway
100%
T Taiwan/ Tajikistan/ Tanzania/ Thailand/ Timor Leste/ Togo/ Tonga/ Trinidad/ Tunisia/ Turkey/ Turkmenistan/ Tuvalu
100%
T Taiwan/ Tajikistan/ Tanzania/ Thailand/ Timor Leste/ Togo/ Tonga/ Trinidad/ Tunisia/ Turkey/ Turkmenistan/ Tuvalu
100%
T Taiwan/ Tajikistan/ Tanzania/ Thailand/ Timor Leste/ Togo/ Tonga/ Trinidad/ Tunisia/ Turkey/ Turkmenistan/ Tuvalu
100%
A Afghanistan/ Albania/ Algeria/ Andorra/ Angola/ Antigua and Barbuda/ Argentina/ Armenia/ Australia/ Austria/ Azerbaijan
96%
A Afghanistan/ Albania/ Algeria/ Andorra/ Angola/ Antigua and Barbuda/ Argentina/ Armenia/ Australia/ Austria/ Azerbaijan
96%
D Denmark/ Djibouti/ Dominica/ Dominican Republic
96%
D Denmark/ Djibouti/ Dominica/ Dominican Republic
96%
D Denmark/ Djibouti/ Dominica/ Dominican Republic
96%
I Iceland/ India/ Indonesia/ Iran/ Iraq/ Ireland/ Israel/ Italy
96%
I Iceland/ India/ Indonesia/ Iran/ Iraq/ Ireland/ Israel/ Italy
96%
I Iceland/ India/ Indonesia/ Iran/ Iraq/ Ireland/ Israel/ Italy
96%
I Iceland/ India/ Indonesia/ Iran/ Iraq/ Ireland/ Israel/ Italy
96%
I Iceland/ India/ Indonesia/ Iran/ Iraq/ Ireland/ Israel/ Italy
96%
I Iceland/ India/ Indonesia/ Iran/ Iraq/ Ireland/ Israel/ Italy
96%
H Haiti/ Honduras/ Hungary
94%
P Pakistan/ Palau /Palestine/ Panama/ Papua New Guinea /Paraguay /Peru /Philippines /Poland/ Portugal
94%
P Pakistan/ Palau /Palestine/ Panama/ Papua New Guinea /Paraguay /Peru /Philippines /Poland/ Portugal
94%
S Saint Kitts/ Saint Lucia/ Saint Vincent/ Samoa /San Marino /Sao Tome / Saudi Arabia /Senegal/ Serbia/ Seychelles/ Sierra Leone/ Singapore/ Slovakia/ Slovenia/ Solomon Islands/ Somalia /South Africa/ South Korea/ South Sudan/ Spain/ Sri Lanka/ Sudan/ Suriname/ Sweden/ Switzerland/ Syria
94%
O Oman
90%
O Oman
90%
V Vanuatu /Vatican City / Venezuela/ Vietnam
90%
R Romania/ Russia/ Rwanda
86%
R Romania/ Russia/ Rwanda
86%
R Romania/ Russia/ Rwanda
86%
U Uganda/ Ukraine/ United Arab Emirates/UAE/ United Kingdom/UK/ United States of America/ USA/Uruguay/ Uzbekistan
86%
B Bahamas /Bahrain /Bangladesh /Barbados /Belarus /Belgium /Belize/ Benin /Bhutan /Bolivia /Bosnia/Botswana /Brazil/ Brunei/ Bulgaria /Burkina Faso /Burundi
84%
B Bahamas /Bahrain /Bangladesh /Barbados /Belarus /Belgium /Belize/ Benin /Bhutan /Bolivia /Bosnia/Botswana /Brazil/ Brunei/ Bulgaria /Burkina Faso /Burundi
84%
C Cape Verde/ Cambodia/ Cameroon/ Canada/ Central African Republic/ CAR/ Chad/ Chile/ China/ Colombia/ Comoros/ Congo/Democratic Republic of the Congo/ Costa Rica/ Cote d'Ivoire/ Croatia/ Cuba/ Cyprus/ Czechia
82%
G Gabon /Gambia /Georgia /Germany /Ghana/ Greece /Grenada/ Guatemala/ Guinea/ Guinea-Bissau /Guyana
82%
K Kazakhstan/ Kenya/ Kiribati /Kosovo/ Kuwait/ Kyrgyzstan
80%
L Laos /Latvia /Lebanon /Lesotho/ Liberia/ Libya /Liechtenstein/ Lithuania /Luxembourg
78%
F Fiji/ Finland/ France
76%
No matching quizzes found
Score Distribution
Percent of People with Each Score
Percentile by Number Answered
Your Score History
You have not taken this quiz